Przybliżone flagi państw - Statystyki

Ogólne statystyki
  • Ten quiz został rozwiązany 1 025 razy
  • Średni wynik to 18 z 20
Statystyki odpowiedzi
Obrazkowy Odpowiedź % Poprawnych
Brazylia
100%
Chiny
100%
Portugalia
98%
Japonia
97%
Albania
96%
Egipt
96%
Białoruś
95%
Watykan
95%
Meksyk
94%
Bośnia i Hercegowina
92%
Korea Północna
92%
Republika Południowej Afryki
92%
Chile
90%
Islandia
90%
Tunezja
87%
Jamajka
84%
Wenezuela
77%
Bhutan
74%
Angola
72%
Barbados
67%
Nie znaleziono quizów pasujących do podanych kryteriów
Rozkład punktacji
Procent ludzi z każdym wynikiem
Percentyl według liczby udzielonych odpowiedzi
Twoja historia wyników
Nie rozwiązałeś tego quizu